Statystyki dla TOP 15 klubów ekstraklasy z największą ilością mistrzostw polski

Kliknij tutaj aby rozwiązać quiz!

Ogólne statystyki

  • Ten quiz został rozwiązany 107 razy
  • Średni wynik to 10 z 15

Statystyki odpowiedzi

HintOdpowiedź% Poprawnych
15Legia Warszawa
100%
8Lech Poznań
93%
14Wisła Kraków
90%
4WIDZEW ŁÓDŹ
80%
14Górnik Zabrze
78%
13Ruch Chorzów
78%
2ŁKS Łódź
74%
4Cracovia
73%
2Śląsk Wrocław
72%
0Pogoń Szczecin
71%
0Lechia Gdańsk
70%
2Zagłębie Lubin
59%
1Polonia Warszawa
57%
0GKS Katowice
31%
0Zagłębie Sosnowiec
15%

Rozkład punktacji

Percentyl według liczby udzielonych odpowiedzi

Procent ludzi z każdym wynikiem

Twoja historia wyników

Nie rozwiązałeś tego quizu